000 00741nam a2200205Ii 4500
003 JO-AjNU
008 230605s9999||||xx |||||||||||||| ||und||
040 _aJO-AjNU
_bara
_erda
_cJO-AjNU
041 _aara
050 1 4 _aPJ7693 2005
100 3 _aتأليف الرومي،جلال الدين ؛ م.مشارك: سعدي الشيرازي ؛ حافظ الشيرازي ؛ ترجمة محمد الفراتي,
_eauthor
_923456
245 0 0 _aروائع من الشعر الفارسي
250 _aط1
264 3 1 _aدمشق:وزارة الثقافة،2005
300 _a322ص
336 _atext
_btxt
_2rdacontent
337 _aunmediated
_bn
_2rdamedia
338 _avolume
_bnc
_2rdacarrier
650 4 _a الشعر الفارسي
_923457
999 _aA8488
_c12056
_d12056